000 00430nam a2200181Ia 4500
001 1890
005 20260306143802.0
008 260306t2006||||xx |||||||||||||| ||spa||
041 _aESP
082 _a158.1
_bC86A
100 _aCovey, Sean
_eAUT
245 0 _aLas 6 decisiones mas importantes de tu vida
260 _c2006
300 _a329 páginas :
_c24 cm.
650 _aGEN
654 _aCPS
942 _cLIB
_dJUS
_fJUS
_2ddc
_n
999 _c1890
_d1890